Holiday Quiz

Random Holiday or Song Quiz

Christmas Songs in Emojis Quiz Stats

 Plays Quiz Updated Dec 24, 2017

Challenge
Share
Tweet
Score 0/18 Timer 02:00
5 Plays Today
% Correct
I Saw Three Ships (Come Sailing In)
88.1%
The Little Drummer Boy
87.7%
I Saw Mommy Kissing Santa Claus
87.4%
Santa Baby
86.7%
Blue Christmas
86.6%
Baby It's Cold Outside
86.4%
Run Rudolph Run
84.8%
O Holy Night
84.8%
The Chipmunk Song (Christmas Don't Be Late)
84.5%
% Correct
Go Tell It On The Mountain
83.8%
White Christmas
82.4%
All I Want For Christmas Is My Two Front Teeth
81.2%
Grown-Up Christmas List
81.1%
Silent Night
81%
Christmas (Baby Please Come Home)
79.7%
Grandma Got Run Over By a Reindeer
79.4%
Mele Kalikimaka (Hawaiian Christmas Song)
77.3%
Last Christmas
75.9%

You're not logged in!

Compare scores with friends on all Sporcle quizzes.
OR
Log In

You Might Also Like...

Show Comments

Extras

Top Quizzes Today


Score Distribution

Your Account Isn't Verified!

In order to create a playlist on Sporcle, you need to verify the email address you used during registration. Go to your Sporcle Settings to finish the process.

Report this User

Report this user for behavior that violates our Community Guidelines.

Details: